00729nam a2200193 a 450000100100000000500170001000800410002702000150006804000250008308200140010810000270012224500700014926000400021930000210025904900090028095201120028995201170040199900170051800002359220200930022331.0101215s2000 mx r 000 | spa d a9681104404 aDO-SdBNPbspacBNPHU axxxbA1221 aAbbas, Johannes94862910aMisión de sangre :bel secreto de los siglos /cJohannes Abbas. aMéxico :bPlaza y Janés,c2000. a155 p. ;c21 cm. aBNGR 001050718MOaGRbGRcCTd2010-12-15iLF1l0oxxx A122p23592-10r2020-06-25w2020-06-25y1ZNo se presta 001050718MOaGRbGRcCTd2010-12-15iLF1l0oxxx A122p23592-20r2020-06-25te.2w2020-06-25y1ZNo se presta c23088d23088